000 00714nam a2200253Ia 4500
003 OSt
005 20220918175020.0
006 a|||||r|||| 00| 0
007 ta
008 220917b |||||||| |||| 00| 0 eng d
024 _a15,172
037 _cTextual
040 _aARTS
_cARTS
_beng
041 _2eng
_aeng
082 _aO111:gv, M9.1
100 _aKennedy George A Ed.
_952538
245 0 _aCambridge history of literary criticism
260 _aCambridge
_bCUP
_c1989
490 _vV1: Clasical criticism
500 _aBibliography 347-69p; Includes index
650 _aENGLISH LITERATURE
942 _hO111:gv, M9.1
_cTEXL
_2CC
999 _c155622
_d155622